The Hilliad: an epic poem : By C. Smart, ... to which are prefixed, copious prolegomena and notes variorum. ...

Bibliographic Details
Main Author: Smart, Christopher, 1722-1771
Format: eBook
Language:English
Published: London : Sold by J. Newbery; and M. Cooper, 1753.
Series:Eighteenth century collections online.
Online Access:Full text online

MARC

Tag First Indicator Second Indicator Subfields
LEADER 00000cam a2200000 4500
001 in00001932021
006 m | d |
007 cr |n||||||||n
008 790602s1753 enk|||| s 00| ||eng d
005 20260403183159.3
035 |a (CStRLIN)ESTCT36212 
040 |a Uk-ES  |c Uk-ES  |d CStRLIN  |d Thomson Gale  |d UtOrBLW 
100 1 |a Smart, Christopher,  |d 1722-1771. 
245 1 4 |a The Hilliad: an epic poem :  |b By C. Smart, ... to which are prefixed, copious prolegomena and notes variorum. ... 
264 1 |a London :  |b Sold by J. Newbery; and M. Cooper,  |c 1753. 
300 |a 2 unnumbered pages, ix, 1 unnumbered page, 45, 3 unnumbered pages ;  |c 4⁰. 
336 |a text  |b txt  |2 rdacontent 
337 |a computer  |b c  |2 rdamedia 
338 |a online resource  |b cr  |2 rdacarrier 
500 |a Half-title: 'The Hilliad. Book the First.'. 
500 |a With a final advertisement leaf. 
500 |a Reproduction of original from the British Library. 
510 4 |a Roscoe,  |c A547 (1) 
510 4 |a English Short Title Catalog,  |c ESTCT36212. 
533 |a Electronic reproduction.  |b Farmington Hills, Mich. :  |c Thomson Gale,  |d 2003.  |n Available via the World Wide Web.  |n Access limited by licensing agreements  |7 s2003 miunns 
500 |a Electronic resource. 
850 |r B  |l BRu  |j Restricted HFd 
830 0 |a Eighteenth century collections online. 
856 4 0 |u http://proxy.library.tamu.edu/login?url=https://galenet.galegroup.com/servlet/ECCO?c=1&stp=Author&ste=11&af=BN&ae=T036212&tiPG=1&dd=0&dc=flc&docNum=CW113791129&vrsn=1.0&srchtp=a&d4=0.33&n=10&SU=0LRK&locID=txshracd2898  |z Full text online  |t 0 
999 |a MARS 
999 f f |s 1dc48d58-2532-3c6f-af26-310e9223f597  |i e6a03f89-2e4d-3ed2-bcb7-5cbce3d05bfe  |t 0 
952 f f |a Texas A&M University  |b College Station  |c Electronic Resources  |s www_evans  |d Available Online  |t 0  |h No information provided 
998 f f |t 0  |l Available Online